|
|
|
|
| LEADER |
01220nam a2200253 i 4500 |
| 001 |
10079249 |
| 003 |
GR-PaULI |
| 005 |
20241209110914.0 |
| 008 |
241209s1974 gr f 1 gre d |
| 040 |
|
|
|a GR-PaULI
|c GR-PaULI
|b gre
|e AACR2
|
| 041 |
1 |
|
|a gre
|h ger
|
| 082 |
0 |
4 |
|a 902.02
|2 23
|
| 100 |
1 |
|
|a Hartmann, Johannes,
|d 1908-
|9 207030
|e συγγραφέας.
|
| 245 |
1 |
0 |
|a Ολόκληρη η ιστορία /
|c Johannes Hartmann ; μετάφρασι, προσαρμογή Νίκος Μόσχος.
|
| 260 |
|
|
|a Αθήνα :
|b Στρογγυλή Τράπεζα,
|c 1974.
|
| 300 |
|
|
|a 429 σ. ;
|b
|c 24 εκ.
|
| 500 |
|
|
|a Περιλαμβάνει ευρετήριο.
|
| 500 |
|
|
|a Τίτλος πρωτοτύπου: Das Geschichtsbuch von den Anfängen bis zur Gegenwart.
|
| 650 |
|
4 |
|a Χρονολογία, Ιστορική
|9 207032
|
| 700 |
1 |
|
|a Μόσχος, Νίκος,
|d 1912-
|e μεταφραστής.
|9 158504
|
| 765 |
|
|
|i Μετάφραση του:
|t Das Geschichtsbuch von den Anfängen bis zur Gegenwart.
|
| 942 |
|
|
|2 ddc
|c BK
|
| 952 |
|
|
|0 0
|1 0
|2 ddc
|4 0
|6 902_020000000000000_HAR
|7 0
|9 385593
|a LISP
|b LISP
|c DON
|d 2024-12-09
|i 093634
|l 0
|o 902.02 HAR
|p 025000164217
|r 2024-12-09 11:04:32
|t 1
|w 2024-12-09
|y BKN
|
| 999 |
|
|
|c 223925
|d 223925
|